000 01480nam2a22002771 4500
001 v19\rc\1454112
005 20250618141742.0
035 _a(NLR Aleph) 004593970
090 _a2695573
_c2695573
100 _a20060620d1878 |||y0rusy50 ca
101 0 _arus
102 _aRU
105 _ay z |||||
200 1 _aЗаводы разных губерний
_eВып. 1
210 _d1878
_aБ. м.
215 _a252 с.
461 0 _1001v19\rc\1454100
_12001#$aРысистые заводы в России$fСост. и изд. Н. Лодыгин, б. ред. "Книги рысистых лошадей в России с определением чистопородности", изд. Гл. упр. гос. коннозаводства. Т. 1-4$vТ. 4
_1700#1$aЛодыгин$bН.Д.$f1842-1885$gНиколай Дмитриевич$4220$4650
_92695419
_aЛодыгин, Н.Д. (1842-1885)
_cМосква
_d1874-1881
_fСост. и изд. Н. Лодыгин, б. ред. "Книги рысистых лошадей в России с определением чистопородности", изд. Гл. упр. гос. коннозаводства. Т. 1-4
_p15 т.
_tРысистые заводы в России
_vТ. 4
801 0 _aRU
_bNLR
_gpsbo
801 0 _aRU
_bRuMoRGB
_2psbo
801 1 _aRU
_bProSoft-M
_2rusmarc
852 _aNLR
_j37.22.8.3(1-8)
899 _aRuMoRGB
_jG 27/109а
899 _aRuMoRGB
_jG 27/88
899 _aНБ МГУ
942 _cBOOK
980 _aNB